000 00281nam a2200109Ia 4500
008 220204s9999 xx 000 0 und d
082 _a541.14(035)
_bMUR
100 _aMurov, Steven L
245 0 _aHandbook of Photochemistry
260 _aNew York
_bMarcel Dekker
_c1973
942 _cBK
999 _c26562
_d26562